مكتبة جامعة عجلون الوطنية

فهرس بحث المكتبة

حشرات نصفية الأجنحة الضارة بالنباتات الاقتصادية / (Record no. 33191)

MARC details
000 -LEADER
fixed length control field 00807nam a22002057a 4500
003 - CONTROL NUMBER IDENTIFIER
control field JO-AjAnu
005 - DATE AND TIME OF LATEST TRANSACTION
control field 20231129093828.0
008 - FIXED-LENGTH DATA ELEMENTS--GENERAL INFORMATION
fixed length control field 231129b jo ||||| |||| 00| 0 ara d
040 ## - CATALOGING SOURCE
Original cataloging agency JO-AjAnu
Language of cataloging ara
Transcribing agency JO-AjAnu
041 ## - LANGUAGE CODE
Language code of text/sound track or separate title ara
050 ## - LIBRARY OF CONGRESS CALL NUMBER
Classification number QL462.3
-- M3464
100 #1 - MAIN ENTRY--PERSONAL NAME
Personal name الملاح، نبيل مصطفى
9 (RLIN) 64534
Relator term مؤلف
245 0# - TITLE STATEMENT
Title حشرات نصفية الأجنحة الضارة بالنباتات الاقتصادية /
Statement of responsibility, etc. نبيل مصطفى الملاح، نزار مصطفى الملاح
260 ## - PUBLICATION, DISTRIBUTION, ETC.
Place of publication, distribution, etc. عمان :
Name of publisher, distributor, etc. دار اليازوري،
Date of publication, distribution, etc. [د.ت]
300 ## - PHYSICAL DESCRIPTION
Extent 372صفحة
500 ## - GENERAL NOTE
General note يحتوي على صور توضيحية
650 70 - SUBJECT ADDED ENTRY--TOPICAL TERM
Topical term or geographic name entry element الحشرات الضارة
9 (RLIN) 64535
700 #1 - ADDED ENTRY--PERSONAL NAME
Personal name الملاح، نزار مصطفى
9 (RLIN) 64243
Relator term مؤلف مشارك
942 ## - ADDED ENTRY ELEMENTS (KOHA)
Source of classification or shelving scheme Library of Congress Classification
Koha item type Books
Suppress in OPAC No
Holdings
Withdrawn status Lost status Source of classification or shelving scheme Damaged status Not for loan Home library Current library Date acquired Total Checkouts Full call number Barcode Date last seen Price effective from Koha item type
    Library of Congress Classification     مكتبة جامعة عجلون الوطنية مكتبة جامعة عجلون الوطنية 29/11/2023   QL462.3. M3464 A29649 29/11/2023 29/11/2023 Books
    Library of Congress Classification     مكتبة جامعة عجلون الوطنية مكتبة جامعة عجلون الوطنية 29/11/2023   QL462.3. M3464 A29648 29/11/2023 29/11/2023 Books